[Event "ARG-ch sf 98th"]
[Site "Buenos Aires"]
[Date "2023.05.07"]
[Round "9"]
[White "Gutierrez, Leonel"]
[Black "Chiappero, Raul"]
[Result "0-1"]
[WhiteElo "1600"]
[BlackElo "1800"]
[PlyCount "76"]
[EventDate "2023.04.29"]
[EventType "swiss"]
[EventRounds "9"]
[EventCountry "ARG"]
[SourceTitle "EXT 2024"]
[Source "ChessBase"]
[SourceDate "2023.10.10"]
[SourceVersion "1"]
[SourceVersionDate "2023.10.10"]
[SourceQuality "1"]

1. Nf3 d5 2. g3 e6 3. Bg2 Nf6 4. d4 h6 5. 0-0 c5 6. c3 Nc6 7. Re1 Be7 8. Nbd2 0-0 9. Nb3 c4 10. Nbd2 b5 11. e4 dxe4 12. Nxe4 Nxe4 13. Rxe4 Bb7 14. Re1 Qc7 15. b3 cxb3 16. axb3 Bf6 17. Bf4 Qd7 18. Nd2 Nd8 19. Ne4 Bxe4 20. Bxe4 Rc8 21. Qf3 b4 22. Bxh6 Rxc3 23. Qh5 g6 24. Bxg6 fxg6 25. Qxg6+ Bg7 26. Bg5 Qxd4 27. Be3 Qd3 28. Qg5 Qf5 29. Qxf5 Rxf5 30. Rxa7 Nc6 31. Ra6 Nd4 32. Ra8+ Rf8 33. Rxf8+ Kxf8 34. Bxd4 Bxd4 35. Rxe6 Rxb3 36. Re1 Rf3 37. Rf1 b3 38. Kg2 Rxf2+ 0-1

[Event "ARG-ch sf 98th"]
[Site "Buenos Aires"]
[Date "2023.04.30"]
[Round "2"]
[White "Fuentes, Agustin"]
[Black "Gutierrez, Leonel"]
[Result "1-0"]
[WhiteElo "1898"]
[BlackElo "1600"]
[PlyCount "63"]
[EventDate "2023.04.29"]
[EventType "swiss"]
[EventRounds "9"]
[EventCountry "ARG"]
[SourceTitle "CBM 214 Extra"]
[Source "ChessBase"]
[SourceDate "2023.07.31"]
[SourceVersion "1"]
[SourceVersionDate "2023.07.31"]
[SourceQuality "1"]

1. e4 c5 2. Nf3 d6 3. d4 cxd4 4. Nxd4 Nc6 5. Nc3 g6 6. Be3 Bg7 7. Bc4 Nf6 8. h3 0-0 9. Bb3 Bd7 10. 0-0 Rc8 11. Re1 a6 12. Qe2 Nxe4 13. Nxe4 Nxd4 14. Bxd4 Bxd4 15. c3 Bg7 16. Rad1 Bb5 17. Qg4 Kh8 18. Qh4 f6 19. Re3 Bd7 20. Bc2 Bf5 21. g4 g5 22. Qg3 Bg6 23. h4 h6 24. Rd2 Bh7 25. hxg5 fxg5 26. Nxg5 Bg8 27. Ne6 Bxe6 28. Rxe6 Rf6 29. Qd3 Kg8 30. Qh7+ Kf7 31. Rxf6+ exf6 32. Bg6+ 1-0